|
|
|
|
| LEADER |
00868nam a2200169 a 4500 |
| 008 |
100725s2003 bg 000 0 ben |
| 040 |
|
|
|a BD-DhAAL
|c BD-DhAAL
|d BD-DhAAL
|
| 082 |
0 |
0 |
|a 070.4082
|2 22
|
| 245 |
1 |
0 |
|a সংবাদে নারীর সঠিক উপস্থাপনা /
|c কামরুল হাসান মঞ্জু,সম্পাদক.
|
| 260 |
|
|
|a ঢাকা :
|b ম্যাস লাইন মিডিয়া সেন্টার,
|c ২০০৩
|
| 300 |
|
|
|a ৩৬ পৃ. ;
|c ১৪ সে.মি.
|
| 541 |
1 |
|
|e 00020103
|
| 700 |
1 |
0 |
|a মঞ্জু,কামরুল হাসান.
|
| 650 |
|
0 |
|a Women in journalism.
|
| 852 |
4 |
|
|a Ayesha Abed Library
|j General shelf
|
| 999 |
|
|
|c 9475
|d 9475
|
| 952 |
|
|
|0 0
|1 0
|2 ddc
|4 0
|6 070_408200000000000_SON_2003
|7 0
|9 12026
|a BRACUL
|b BRACUL
|c GEN
|d 2010-09-23
|l 0
|o 070.4082 SON
|p 3010020103
|r 2010-09-23
|t 1
|w 2010-09-23
|y BK
|